000 00722nam a2200205 a 4500
001 000032221
005 20200930063531.0
008 110713s1941 dr a 000 0 spa d
040 _aDO-SdBNP
_bspa
_cBNPHU
082 _axxx
_bM896
100 1 _aMoscoso, R. M.
_923968
245 1 4 _aLas cactaceas de la flora de Santo Domingo.
260 _aCiudad Trujillo, República Dominicana :
_bUniversidad de Santo Domingo,
_c1941.
300 _a35 p. :
_bil. ;
_c24 cm.
490 1 _aInstituto botánico ;
_vv.1
490 1 _aPublicaciones de la Universidad de Santo Domingo ;
_vv. 13
830 0 _aInstituto botánico ;
_vv. 1
_958296
830 0 _aPublicaciones de la Universidad de Santo Domingo ;
_vv. 13
_9818
049 _aBNPD
999 _c31712
_d31712